Statistiques concernant Paroles - PLK - Demain

Cliquez ici pour prendre le quiz!

Statistiques générales

  • Ce quiz a été pris 234 fois
  • Le résultat moyen est 290 sur 474

Statistiques - réponses

Paroles% Correct
de
100%
m'a
99%
demain,
98%
demain
98%
le
98%
c'est
97%
en
97%
En
97%
et
95%
loin
94%
à
93%
mal
93%
des
92%
entre
91%
Entre
91%
Putain
90%
je
89%
va
87%
J'navigue
86%
rien
83%
bas
81%
foutre
81%
l'bien
81%
vient
81%
galériens,
80%
hauts
80%
les
80%
par
73%
J'ai
71%
j'ai
71%
certifs
66%
la
66%
La
66%
on
66%
On
66%
dizaines
64%
17
61%
qui
61%
gens,
60%
pas
60%
J'évite
58%
ça
57%
Ça
57%
j'esquive
57%
c'qu'ils
56%
qu'on
56%
plus
55%
plus,
55%
Plus
55%
tu
55%
sais
52%
ou
51%
au
49%
comme
49%
dans
49%
Polak
49%
T'es
49%
t'es
49%
fait
48%
Mais,
44%
mais
44%
"mon
44%
mon
44%
sait
44%
vrais
44%
dit
43%
plans
42%
que
42%
Il
41%
mes
41%
est
40%
grand
40%
stats
40%
laisse
39%
Népal,
39%
leur
38%
scores
38%
souvenirs
38%
s'tape,
38%
tomber
38%
m'disaient,
37%
Trop
37%
j'repense
36%
J'repense
36%
même
36%
nan
36%
oublie
36%
passe,
36%
chiens
35%
disquettes
35%
J'écoute
35%
j'suis
35%
bar
34%
Resval,
34%
Silencieux
34%
souvent
34%
y
34%
aboient
32%
caravane
32%
fini
32%
nous
32%
pété
32%
trois
32%
vos
32%
cacher,
31%
gros
31%
Ils
31%
mère,
31%
Obispo
31%
qu'un
31%
tâchés
31%
Tesla,
31%
traine
31%
pute
30%
air
29%
années
29%
complètement
29%
fils
29%
Nanterre
29%
oreilles,
29%
peur
29%
tous
29%
d'la
28%
grand-mère,
28%
tabac
28%
crocodile,
26%
l'ESTAC,
26%
soit
26%
dispo
25%
finit
25%
jours
25%
l'game
25%
lice-po,
25%
pied"
25%
pied,
25%
smoke,
25%
sur
25%
tout
25%
nos
24%
ont
24%
Vespa
24%
Audi,
23%
BM'
23%
d'maman
23%
d'sa
23%
Moi
23%
s'moquait
23%
t'as
23%
vacances
23%
d'blabla
22%
disco,
22%
pilote
22%
aura
21%
avec
21%
beaucoup
21%
boule
21%
c'était
21%
faut
21%
l'karma
21%
merde,
21%
m'ont
21%
noir,
21%
comment ?
20%
concert,
20%
quartier,
20%
ciel
19%
c'ton
19%
devant
19%
direct,
19%
gentil,
19%
l'TT
19%
micro,
19%
Pourquoi
19%
tard-bâ
19%
t'baise
19%
te-boi
19%
vu
19%
démarrer
18%
depuis
18%
fume
18%
l'polo,
18%
passait
18%
réussit
18%
s'barrer
18%
s'marrait
18%
snow,
18%
estompé
17%
Ici,
17%
M'test
17%
s'enterre,
17%
t'arrive
17%
brocolis
16%
encore,
16%
Monopoly
16%
rêve
16%
rendu
15%
bats'
14%
j't'allumes
14%
rappelle-toi,
14%
vois
12%
J'investis
11%
vert,
10%
sestat
6%

Distribution des résultats

Percentile par nombre de réponses

% des personnes avec chaque résultat

Votre développement - résultats

Vous n’avez pas pris ce quiz